Statistics for Countries with highest rates of malaria cases

Click here to take the quiz!

General Stats

  • This quiz has been taken 42 times
  • The average score is 7 of 10

Answer Stats

Cases per year(millions)Answer% Correct
3.5Niger
95%
6.3Democratic Republic of the Congo
92%
10.3Uganda
78%
5.8Kenya
76%
4.7Zambia
70%
3.9Ethiopia
65%
3.7Malawi
62%
6.1Burkina Faso
59%
8.8Ghana
59%
4.3Pakistan
22%

Score Distribution

Percentile by Number Answered

Percent of People with Each Score

Your Score History

You have not taken this quiz